| 000 | 00508nam a2200169Ia 4500 | ||
|---|---|---|---|
| 999 |
_c33548 _d33548 |
||
| 003 | OSt | ||
| 005 | 20200917143434.0 | ||
| 008 | 190216s9999||||xx |||||||||||||| ||und|| | ||
| 020 | _a9788185392868 | ||
| 040 | _coclc | ||
| 082 |
_a621.3815 _bBOG/E |
||
| 100 |
_aBogart, Theodore F _94537 |
||
| 245 | 0 |
_aElectronic Devices And Circuits / _cTheodore F Bogart |
|
| 260 |
_bUniversal Bookstall, _c2001. _aNewdelhi: |
||
| 300 | _a847p | ||
| 942 |
_cBK _2ddc _h621.3815 _iBOG/E _k621.3815 _mBOG/E |
||